| 000 | 00391cam a2200157ua 4500 | ||
|---|---|---|---|
| 041 |
_aeng _h |
||
| 082 |
_a828.09 _bCHA/WI |
||
| 100 | _aChambers, E K . | ||
| 245 |
_aWilliam Shakespeare vol-2 / _cE K Chambers. _hTextual Documents |
||
| 250 |
_a1 / _b. |
||
| 260 |
_aLondon : _bOxford University Press , _c1963. |
||
| 300 | _a448 ; . | ||
| 504 | _a | ||
| 942 | _cBK | ||
| 999 |
_c8894 _d8894 |
||